Statistics for Five-Word Anagram Boxes #1

Click here to take the quiz!

General Stats

  • This quiz has been taken 495 times
    (362 since last reset)
  • The average score is 13 of 20

Answer Stats

Hint Answer % Correct
Zebra featureStripe
96%
Piece of meatSteak
92%
Glide on iceSkate
92%
Church fatherPriest
90%
Lend an earListen
90%
Join the militaryEnlist
89%
Bermuda shape?Triangle
89%
Vampire killerStake
87%
7-Up alternativeSprite
86%
QuietSilent
85%
SeizesTakes
83%
Tree decorationTinsel
74%
Best for pickingRipest
68%
Hardwood treesTeaks
60%
Small baysInlets
56%
ChangingAltering
28%
Telling a storyRelating
28%
Tipping offAlerting
24%
Verve, flairEsprit
15%
Crucial, vitalIntegral
13%

Score Distribution

Percentile by Number Answered

Percent of People with Each Score

Your Score History

You have not taken this quiz since the last reset